Central Library OPAC University of Rajshahi

বাংলা ভাষায় কুরআন চর্চা / (Record no. 82872)

MARC details
000 -LEADER
fixed length control field 01398nam a2200253 a 4500
001 - CONTROL NUMBER
RUCL Control Number 82872
003 - CONTROL NUMBER IDENTIFIER
rucl marc code BD-RjUL
005 - DATE AND TIME OF LATEST TRANSACTION
control field 20240130154704.0
008 - FIXED-LENGTH DATA ELEMENTS--GENERAL INFORMATION
fixed length control field 240130s1991 bg ||||| m||| 00| 0 ben d
035 ## - SYSTEM CONTROL NUMBER
system control number (BD-RjUL)82872
040 ## - CATALOGING SOURCE
Original cataloging agency BD-RjUL
Language of cataloging ben / eng
Transcribing agency BD-RjUL
Modifying agency BD-RjUL
041 ## - LANGUAGE CODE
Language code of Book ben
082 ## - DEWEY DECIMAL CLASSIFICATION NUMBER
DDC Edition number 23
Classification number 297.12259144
Author mark and Year RHB 1991
100 ## - MAIN ENTRY--PERSONAL NAME
Personal name রহমান, মুহাম্মদ মুজিবুর
9 (RLIN) 11286
245 10 - TITLE STATEMENT
Title বাংলা ভাষায় কুরআন চর্চা /
Statement of responsibility, etc মুহাম্মদ মুজিবুর রহমান ;
Name of Supervisor/Co-Supervisor গবেষণা নির্দেশক : আফতাব আহমদ রহমানী
260 ## - PUBLICATION, DISTRIBUTION, ETC. (IMPRINT)
Place of publication, distribution, etc রাজশাহী :
Name of publisher, distributor, etc আরবী বিভাগ, রাজশাহী বিশ্ববিদ্যালয়,
Date of publication, distribution, etc ১৯৯১
300 ## - PHYSICAL DESCRIPTION
Pagination [ঠ], ৪৪৯ পাতা ;
Dimensions ২৯ সেমি.
502 ## - DISSERTATION NOTE
Dissertation note থিসিস (পিএইচ. ডি.) -- আরবী বিভাগ, রাজশাহী বিশ্ববিদ্যালয়, ১৯৯১
504 ## - BIBLIOGRAPHY, ETC. NOTE
Bibliography, etc গ্রন্থপঞ্জী : পাতা ৪১৯-৪৪৯
650 ## - SUBJECT ADDED ENTRY--TOPICAL TERM
Topical term or geographic name as entry element ইসলাম
Form subdivision আরবী সাহিত্য
9 (RLIN) 7294
Topical term or geographic name as entry element Islam
Form subdivision Arabic literature
9 (RLIN) 6927
700 ## - ADDED ENTRY--SUPERVISOR/CO-SUPERVISOR NAME
Personal name রহমানী, আফতাব আহমদ ,গবেষণা নির্দেশক
9 (RLIN) 11287
942 ## - ADDED ENTRY ELEMENTS (KOHA)
Source of classification or shelving scheme Dewey Decimal Classification
Koha item type Theses
Holdings
Source of classification or shelving scheme Damaged status Not for loan Collection code Permanent Location Current Location Shelving location Date of accession Source of acquisition Total Checkouts Full call number Barcode Date last seen Copy number Thesis
Dewey Decimal Classification   Not For Loan Theses Central Library, University of Rajshahi Central Library, University of Rajshahi Documentation Section 09/03/1988 Controller of Exam. R. U.   BTHE 297.12259144 RHB 1991 D1041 30/01/2024 C-I Theses